| 000 | 02039nam0a2200361 4500 | ||
|---|---|---|---|
| 001 | RU\NLR\BIBL_A\022377941 | ||
| 005 | 20260420021239.0 | ||
| 010 |
_a978-5-7882-3278-2 _9400 |
||
| 021 |
_aRU _bКН-П-24-057365 _9КН-П-24-5713 |
||
| 035 | _a(NLR Aleph) 022377941 | ||
| 090 |
_a13669750 _c13669750 |
||
| 100 | _a20241111d2022 m y0rusy50 ca | ||
| 101 | 0 | _arus | |
| 102 | _aRU | ||
| 105 | _aa j 000zy | ||
| 181 | 0 |
_ai _baxxe |
|
| 182 | 0 | _an | |
| 200 | 1 |
_aАктуальные проблемы противодействия коррупции _eучебно-методическое пособие _eдля студентов, обучающихся по различным направлениям и специальностям _fЕ.В. Маркинова, Ф.Т. Шагеева _gМинистерство науки и высшего образования Российской Федерации, Казанский национальный исследовательский технологический университет |
|
| 203 |
_aТекст _bвизуальный _cнепосредственный |
||
| 210 |
_aКазань _cИздательство КНИТУ _d2022 |
||
| 215 |
_a82, [1] с. _cил., цв. ил. _d20 |
||
| 320 | _aБиблиогр.: с. 67-70 (32 назв.) | ||
| 606 | 1 |
_aКоррупция _jУчебно-методические пособия для высших учебных заведений _xИстория _92603768 _3RU\NLR\AUTH\661540326 |
|
| 606 | 1 |
_aКоррупция _jУчебно-методические пособия для высших учебных заведений _xБорьба с ней _91568424 _3RU\NLR\AUTH\66986715 |
|
| 686 | 1 | _aХ883.7я73 | |
| 686 | 1 | _aХ628.322.17я73 | |
| 686 | 1 | _aХ2(0)0-62я73 | |
| 700 | 1 |
_aМаркинова _bЕ. В. _gЕлена Вячеславовна |
|
| 701 | 1 |
_aШагеева _bФ. Т. _gФарида Тагировна |
|
| 942 | _cBOOK | ||
| 980 | _aNB | ||